Holiday Quiz

Random Holiday or Grab Bag Quiz

Monster Blitz Quiz Stats

 Plays Quiz Updated Oct 31, 2018

Challenge
Share
Tweet
Score 0/16 Timer 01:00
5 Plays Today
% Correct
Dracula
95.3%
Werewolf
94.7%
Witch
94.4%
Frankenstein's Monster
93.9%
Bride of Frankenstein
93.8%
Freddy Krueger
93.8%
Godzilla
93.7%
Chucky
93%
% Correct
Death
92.8%
Beetlejuice
92.7%
Zombie
91.8%
Ghost
91.1%
Jack Skellington
91%
Pennywise
89.1%
Mummy
89.1%
Xenomorph
81.9%

You're not logged in!

Compare scores with friends on all Sporcle quizzes.
OR
Log In

You Might Also Like...

Show Comments

Extras

Top Quizzes Today


Score Distribution

Your Account Isn't Verified!

In order to create a playlist on Sporcle, you need to verify the email address you used during registration. Go to your Sporcle Settings to finish the process.

Report this User

Report this user for behavior that violates our Community Guidelines.

Details: